| 000 | 00802nam a2200241 a 4500 | ||
|---|---|---|---|
| 999 |
_c11985 _d11985 |
||
| 001 | 11985 | ||
| 003 | BD-JhCC | ||
| 005 | 20210301124657.0 | ||
| 008 | 210301b2017 bg |||| ||a| 000 0 ben d | ||
| 020 | _a9789849271000 | ||
| 035 | _a(BD-JhCC)11985 | ||
| 040 |
_aBD-JhCC _dBD-JhCC |
||
| 041 | _abengali | ||
| 082 |
_a491.445 _bRAU 2017 |
||
| 100 | _aরাউফুন,হাসান | ||
| 245 |
_aছড়া-কবিতার ব্যাকরণের ক্লাস / _cহাসান রাউফুন । |
||
| 260 |
_aঢাকা: _bচমন প্রকাশ; _c২০১৭. |
||
| 300 |
_a108 p. : _c20 cm. |
||
| 490 | _aশিক্ষার্থীদের কর্মশালা সিরিজ ১ | ||
| 650 | _aBengali Grammar | ||
| 942 |
_2ddc _cBK |
||